000
00465nam a2200157Ia 4500
008
090123s9999 xx 000 0 und d
082
_b
12969
_a
891.463/खेर
245
_a
दि प्रिन्सेस
250
_a
2
260
_b
केसरी मुद्रणालय
_c
1969
300
_a
430
630
_a
दि प्रिन्सेस
700
_a
खेर भा.द.
730
_a
दि प्रिन्सेस
942
_c
BOOK
999
_c
51032
_d
51032